The challenge of christian parenthhood. (Record no. 15905)

000 -LEADER
fixed length control field 00493nam a2200157 a 4500
001 - CONTROL NUMBER
control field :::00018368$&:&@@
003 - CONTROL NUMBER IDENTIFIER
control field OkBaRHE
005 - DATE AND TIME OF LATEST TRANSACTION
control field 20001023151602.0
008 - FIXED-LENGTH DATA ELEMENTS--GENERAL INFORMATION
fixed length control field s1954 j 000 0 eng u
040 ## - CATALOGING SOURCE
Transcribing agency
100 1# - MAIN ENTRY--PERSONAL NAME
Personal name Tyler, Wilfred and Frances.
245 14 - TITLE STATEMENT
Title The challenge of christian parenthhood.
260 ## - PUBLICATION, DISTRIBUTION, ETC. (IMPRINT)
Place of publication, distribution, etc Nashville, Tennessee
Name of publisher, distributor, etc Broadman Press
Date of publication, distribution, etc 1954
942 ## - ADDED ENTRY ELEMENTS (KOHA)
Source of classification or shelving scheme
Koha item type Books
Copies
Lost status Withdrawn status Date acquired Koha item type Shelving location Permanent Location Copy number Date last seen Barcode Not for loan Source of classification or shelving scheme Full call number Damaged status Price effective from
  2010-04-14BooksGeneral StacksRHEMA Bible Training College12010-04-1418368  HQ 755.8 .T9 2010-04-14